| 000 | 00819cab a2200265 4500 | ||
|---|---|---|---|
| 001 | ABS52282 | ||
| 008 | 090401t1995 xxu||||| |||| 00| 0 eng d | ||
| 035 | _a(Sirsi) u70613 | ||
| 041 | _aeng | ||
| 100 | _aJupp, P. | ||
| 245 | 2 | _aA single European contract? | |
| 260 | _c1995 | ||
| 350 | _a0 | ||
| 490 |
_aCivil Engineering Surveyor _v20(1) February 1995, 15(1) |
||
| 520 | _aConsiders the idea of a standard European form of building contract. The author does not favour the FIDIC contract. | ||
| 650 | _aBUILT ENVIRONMENT-BUILDING CONTRACT FORMS | ||
| 650 | _aEUROPE | ||
| 650 | _aEUROPEAN FORM OF CONTRACT | ||
| 650 | _aFIDIC | ||
| 650 | _aSTANDARD FORMS OF CONTRACT | ||
| 690 | _aBUILT ENVIRONMENT-BUILDING CONTRACT FORMS | ||
| 690 | _aEUROPE-SINGLE MARKET | ||
| 942 | _n0 | ||
| 948 | _c04/03/1997 | ||
| 999 |
_c44429 _d44429 |
||